Scrabble Words with Q not followed by U - Statistics

General Stats
  • This quiz has been taken 327 times
  • The average score is 4 of 33
Answer Stats
Hint Answer % Correct
The vital force in Chinese thought Qi
81%
Chewable evergreen shrub Qat
49%
A standard keyboard Qwerty
41%
Muslim garment Burqa
28%
Five Cinq
26%
Muslim veil Niqaab
20%
Muslim veil Niqab
20%
Israel monetary unit Sheqel
18%
A Muslim judge Qadi
16%
19th Hebrew letter Qoph
15%
Middle Eastern marketplace Suq
14%
Tranquilizer Tranq
13%
Chinese system of physical exercises Qigong
10%
Middle Eastern underground channel Qanat
8%
Muslim prayer direction Qibla
8%
A Muslim leader Qaid
7%
Hindu ascetic Faqir
6%
Albania monetary unit Qindar
5%
An occult or secret doctrine Qabala
4%
Albania monetary unit Qintar
4%
Inuit canoe Qajaq
3%
Muslim music style Qawwali
3%
Albania monetary unit (Plural) Qindarka
3%
Inuit boat Umiaq
2%
Inuit sled Kamotiq
1%
South African dance music Mbaqanga
1%
An occult or secret doctrine Qabalah
1%
Azerbaijan monetary unit Qapik
1%
Musk ox wool Qiviut
1%
Inuit oil lamp Qulliq
1%
Israel monetary unit (Plural) Sheqalim
1%
Yemen monetary unit Buqsha
0%
Inuit sled Qamutik
0%
No matching quizzes found
Score Distribution
Percent of People with Each Score
Percentile by Number Answered
Your Score History
You have not taken this quiz